Saraighat Assam Yearbook 2023/ (Record no. 11518)

MARC details
000 -LEADER
fixed length control field 00521nam a22001937a 4500
005 - DATE AND TIME OF LATEST TRANSACTION
control field 20260515114942.0
008 - FIXED-LENGTH DATA ELEMENTS--GENERAL INFORMATION
fixed length control field 230424b ||||| |||| 00| 0 eng d
020 ## - INTERNATIONAL STANDARD BOOK NUMBER
International Standard Book Number 9789384211707
040 ## - CATALOGING SOURCE
Original cataloging agency IN-DiNC
Transcribing agency IN-DiNC
041 ## - LANGUAGE CODE
Language code of sung or spoken text asm
082 ## - DEWEY DECIMAL CLASSIFICATION NUMBER
Classification number 050.954162
Item number SAR
245 ## - TITLE STATEMENT
Title Saraighat Assam Yearbook 2023/
Statement of responsibility, etc. ed. by Tridib Dutta
250 ## - EDITION STATEMENT
Edition statement 22nd ed.
260 ## - PUBLICATION, DISTRIBUTION, ETC.
Place of publication, distribution, etc. Guwahati:
Name of publisher, distributor, etc. Saraighat prakashan,
Date of publication, distribution, etc. 2022.
300 ## - PHYSICAL DESCRIPTION
Extent 1568p.
650 ## - SUBJECT ADDED ENTRY--TOPICAL TERM
Topical term or geographic name entry element Assam yearbook 2023
700 ## - ADDED ENTRY--PERSONAL NAME
Personal name Dutta, Tridib
Relator term Editor
942 ## - ADDED ENTRY ELEMENTS (KOHA)
Source of classification or shelving scheme Dewey Decimal Classification
Koha item type Books
Holdings
Withdrawn status Lost status Source of classification or shelving scheme Damaged status Not for loan Collection Home library Current library Shelving location Date acquired Cost, normal purchase price Total checkouts Full call number Barcode Date last seen Date last checked out Copy number Price effective from Koha item type
    Dewey Decimal Classification     Reference Naharkatiya College Library Naharkatiya College Library General stacks 04/24/2023 480.00 1 050.954162 SAR 29299 05/03/2023 04/25/2023 1 04/24/2023 Books
    Dewey Decimal Classification     Reference Naharkatiya College Library Naharkatiya College Library General stacks 09/19/2025 550.00 4 050.954162 SAR 31164 04/27/2026 03/17/2026 2 09/19/2025 Books